The Loved One : an Anglo-American Tragedy /

Guardado en:
Detalles Bibliográficos
Autor principal: Waugh, Evelyn (autor)
Otros autores: Boyle, Stuart (ilustración) (ilustración)
Formato: Libro
Idioma:Inglés
Publicado: Inglaterra : Chapman and Hall, 1950
Etiquetas: Agrega una etiqueta
Sin etiquetas, Sé el primero en etiquetar este registro!

MARC

LEADER 00000nam^a2200000^a^4500
001 000567200
005 20250521000000.0
009 20260310132122.177
037 |a Acervo ITESO - Biblioteca 
041 |a ING 
091 |a FGM. 03170 
100 |a Waugh, Evelyn  |e (autor) 
245 1 4 |a The Loved One :  |b an Anglo-American Tragedy / 
264 1 |a Inglaterra :  |b Chapman and Hall,  |c 1950 
300 |a 144 p. 
336 |a texto  |b txt  |2 rdacontenido 
337 |a sin mediación  |b n  |2 rdamedio 
338 |a volumen  |b nc  |2 rdasoporte 
649 |a XX 
700 |a Boyle, Stuart  |e (ilustración) 
910 |a Fondo Efraín González Morfín 
920 |a Impresos - Libros 
930 |a Fondos Especiales 
940 |a Literatura 
905 |a 130 
901 |a 0500380666  |b IT2  |c ESL  |i D91254  |u 20250521 
902 |a https://opac.biblio.iteso.mx/vufind/Record/000567200